Oratio fúnebre Caroli IV hispaniarum et indiarum regis, habita in templo máximo Guadalaxarae postridie idus januarii

Detalles Bibliográficos
Autor principal: ROSA Y GARCIA, José Cesreo de la
Formato: Libro
Publicado: Guadalajara s.d.
Materias:
Colección:Banco de datos
Acervo:Biblioteca del Ex Convento de Nuestra Señora de Guadalupe. Zacatecas
Tema general:Homilética
Notas:Buena. XI,8,11 (3732). Encuadernado en un mismo volumen con siete elogios más
LEADER 00816nam a22001930004500
035 |a 42810 
036 |a 3994 
100 1 |a ROSA Y GARCIA, José Cesreo de la 
245 1 0 |a Oratio fúnebre Caroli IV hispaniarum et indiarum regis, habita in templo máximo Guadalaxarae postridie idus januarii 
260 |a Guadalajara  |b imp. D. Joseph Fructi Romero  |c s.d. 
500 |a Buena. XI,8,11 (3732). Encuadernado en un mismo volumen con siete elogios más 
650 1 0 |a Homilética 
949 |a CRZ-CG 
959 |a Ex convento de Nuestra Señora de Guadalupe, Museo Regional de Zacatecas, Zacatecas  |b CCC4 
960 |a Convento de Nuestra Señora de Guadalupe, Zacatecas  |b DD87 
961 |a Franciscana  |b OF 
942 |c CRZ-CG 
943 |g Biblioteca del Ex Convento de Nuestra Señora de Guadalupe. Zacatecas 
999 |c 966937  |d 966937